| 000 | 01035cam a2200313 i 4500 | ||
|---|---|---|---|
| 001 | 3034 | ||
| 005 | 20240718084534.0 | ||
| 020 | _a0590224298 | ||
| 040 |
_aDLC _beng _erda _cDLC _dDLC |
||
| 050 | 0 | 0 | _aPZ10.M628 |
| 082 | 0 | 0 | _a400 |
| 100 | 1 |
_aMinarik, Else Holmelund, _eauthor. |
|
| 245 | 1 | 2 |
_aA kiss for Little Bear / _cby Else Holmelund Minarik ; pictures by Maurice Sendak. |
| 260 |
_aNew York : _bScholastic , _c1968 |
||
| 300 |
_a32 pages : _bcolor illustrations ; _c23 cm . |
||
| 490 | _a Little Bear | ||
| 500 | _aFirst edition. | ||
| 505 | _aF | ||
| 520 | _aLittle Bear's thank-you kiss from Grandmother gets passed on to him by many animals and greatly aids the skunks' romance. | ||
| 521 |
_a340
_bLexile |
||
| 521 |
_aF
_bRaz-Plus |
||
| 650 | 1 |
_aKissing _vFiction. |
|
| 650 | 1 |
_aBears _vFiction. |
|
| 650 | 1 |
_aAnimals _vFiction. |
|
| 655 | 7 |
_aJuvenile literature _y1968. _2rbgenr |
|
| 700 | 1 |
_aSendak, Maurice _eillustrator |
|
| 906 |
_a7 _bcbc _corignew _d2 _eocip _f19 _gy-genrareb |
||
| 942 |
_2ddc _cBK _n0 |
||
| 999 |
_c3034 _d3034 |
||